[Event "Albert Boxer Classic"]
[Site "Winnipeg CAN"]
[Date "1997.08.31"]
[Round "3"]
[White "Walker, Erin"]
[Black "Zinderine, Geoff"]
[Result "1-0"]
[WhiteElo "1664"]
[BlackElo "1654"]
[PlyCount "77"]
[GameId "2160767911932116"]
[EventDate "1997.08.30"]
[EventType "swiss"]
[EventRounds "6"]
[EventCountry "CAN"]
[SourceTitle "EXT 2001"]
[Source "ChessBase"]
[SourceDate "2000.11.22"]
[SourceVersion "1"]
[SourceVersionDate "2000.11.22"]
[SourceQuality "1"]

1. e4 c5 2. c3 d6 3. d4 Nf6 4. Bd3 cxd4 5. cxd4 e6 6. Nf3 Be7 7. Nc3 O-O 8. O-O Bd7 9. Bg5 h6 10. Bf4 Nc6 11. Rc1 Nxd4 12. Nxd4 e5 13. Nde2 exf4 14. Nxf4 Ng4 15. Nfd5 Bg5 16. f4 Bf6 17. Qe2 Bd4+ 18. Kh1 Nxh2 19. g3 Nxf1 20. Rxf1 Bxc3 21. Nxc3 Re8 22. Rd1 Bc6 23. Kh2 Bd7 24. Bb5 Bxb5 25. Nxb5 d5 26. e5 Re7 27. Qd3 Rd7 28. Nd6 Qa5 29. Qxd5 Qxd5 30. Rxd5 Rc8 31. Nxc8 Rxd5 32. Ne7+ Kf8 33. Nxd5 Ke8 34. Kg2 Kd7 35. Kf3 f6 36. exf6 gxf6 37. Nxf6+ Ke6 38. Ng4 Kf5 39. Nxh6+ 1-0

[Event "Albert Boxer Classic"]
[Site "Winnipeg CAN"]
[Date "1997.09.01"]
[Round "3"]
[White "Kaptsan, Aron"]
[Black "Gustafson, Dale"]
[Result "1-0"]
[WhiteElo "2245"]
[BlackElo "2011"]
[PlyCount "59"]
[GameId "2160767911932117"]
[EventDate "1997.08.30"]
[EventType "swiss"]
[EventRounds "6"]
[EventCountry "CAN"]

1. d4 Nf6 2. c4 c5 3. d5 b5 4. cxb5 a6 5. b6 d6 6. Nc3 Nbd7 7. Nf3 g6 8. e4 Bg7 9. Be2 O-O 10. O-O Qxb6 11. h3 Bb7 12. Nd2 e6 13. Nc4 Qc7 14. dxe6 fxe6 15. Qxd6 Qc6 16. Qxc6 Bxc6 17. Nd6 Rfb8 18. Bc4 Nf8 19. f4 Rd8 20. e5 Nd5 21. Nce4 Nd7 22. Rd1 h6 23. Rd3 Rf8 24. g3 Rab8 25. Ra3 Nxe5 26. fxe5 Bxe5 27. Rxa6 Bd4+ 28. Kh1 Nb4 29. Rxc6 Nxc6 30. Bxh6 1-0

[Event "Albert Boxer Classic"]
[Site "Winnipeg CAN"]
[Date "1997.08.31"]
[Round "4"]
[White "Baragar, Fletcher"]
[Black "Repa, Jason"]
[Result "1-0"]
[WhiteElo "2357"]
[BlackElo "1960"]
[PlyCount "35"]
[GameId "2160767911932118"]
[EventDate "1997.08.30"]
[EventType "swiss"]
[EventRounds "6"]
[EventCountry "CAN"]

1. e4 e6 2. d4 d5 3. Nd2 Nf6 4. e5 Nfd7 5. Bd3 c5 6. c3 Nc6 7. Ne2 Be7 8. O-O f5 9. Nf4 Nf8 10. Qh5+ g6 11. Qh6 Rg8 12. Nf3 Bd7 13. dxc5 Bxc5 14. b4 Bb6 15. b5 Na5 16. Ba3 Qc7 17. Bd6 Qxc3 18. Rac1 1-0

[Event "Albert Boxer Classic"]
[Site "Winnipeg CAN"]
[Date "1997.08.31"]
[Round "4"]
[White "Gustafson, Dale"]
[Black "Hassain, Mahmud"]
[Result "1-0"]
[WhiteElo "2011"]
[BlackElo "1894"]
[PlyCount "49"]
[GameId "2160767911932119"]
[EventDate "1997.08.30"]
[EventType "swiss"]
[EventRounds "6"]
[EventCountry "CAN"]

1. e4 c5 2. Nc3 d6 3. f4 g6 4. Nf3 Bg7 5. Bb5+ Bd7 6. Qe2 Nc6 7. O-O Nd4 8. Bxd7+ Qxd7 9. Qd1 Nf6 10. d3 Ng4 11. h3 Nxf3+ 12. Qxf3 Bd4+ 13. Kh1 Nf6 14. Ne2 Nh5 15. Nxd4 cxd4 16. f5 Ng7 17. f6 exf6 18. Qxf6 O-O 19. Bh6 Nh5 20. Qxd4 Ng3+ 21. Kh2 Nxf1+ 22. Rxf1 f5 23. Bxf8 Rxf8 24. Qd5+ Kg7 25. exf5 1-0

[Event "Albert Boxer Classic"]
[Site "Winnipeg CAN"]
[Date "1997.08.31"]
[Round "4"]
[White "Roque, Rodolfo"]
[Black "Khedkar, Jay"]
[Result "1-0"]
[WhiteElo "2043"]
[BlackElo "1979"]
[PlyCount "81"]
[GameId "2160767911932120"]
[EventDate "1997.08.30"]
[EventType "swiss"]
[EventRounds "6"]
[EventCountry "CAN"]

1. e4 c5 2. c4 d6 3. Nf3 Nc6 4. Nc3 Nf6 5. b3 e6 6. Bd3 Be7 7. a3 Qc7 8. Bb2 O-O 9. O-O Bd7 10. Qe2 Rad8 11. Rfe1 a6 12. Bc2 Nd4 13. Nxd4 cxd4 14. Na2 e5 15. Nb4 Be6 16. Qd3 Rc8 17. Rac1 Rfe8 18. Rf1 Nd7 19. Qg3 Bf8 20. f4 f6 21. f5 Bf7 22. d3 Qb6 23. Rb1 Nc5 24. Bc1 a5 25. Na2 Re7 26. Qh4 Kh8 27. Rf3 Qd8 28. Rh3 Bg8 29. Bd1 b6 30. Bh5 Rec7 31. Bg6 h6 32. g4 Rb8 33. Qh5 Nd7 34. Rg3 b5 35. h4 bxc4 36. dxc4 Rxc4 37. g5 fxg5 38. hxg5 Bh7 39. Bxh7 Kxh7 40. Qg6+ Kg8 41. Qe6+ 1-0

[Event "Albert Boxer Classic"]
[Site "Winnipeg CAN"]
[Date "1997.08.31"]
[Round "4"]
[White "Schulz, Waldemar"]
[Black "Kaptsan, Aron"]
[Result "0-1"]
[WhiteElo "2024"]
[BlackElo "2245"]
[PlyCount "106"]
[GameId "2160767911932121"]
[EventDate "1997.08.30"]
[EventType "swiss"]
[EventRounds "6"]
[EventCountry "CAN"]
[SourceTitle "EXT 2001"]
[Source "ChessBase"]
[SourceDate "2000.11.22"]
[SourceVersion "1"]
[SourceVersionDate "2000.11.22"]
[SourceQuality "1"]

1. Nf3 d5 2. d4 Nf6 3. c4 dxc4 4. Nc3 g6 5. e3 Bg7 6. Bxc4 O-O 7. O-O Nfd7 8. Bd2 c5 9. Rc1 cxd4 10. Nxd4 Ne5 11. Be2 Nbc6 12. Nxc6 Nxc6 13. Bb5 Qb6 14. Qe2 a6 15. Bxc6 Qxc6 16. Nb1 Qb5 17. Qxb5 axb5 18. Nc3 Be6 19. Nxb5 Bxb2 20. Rc2 Rxa2 21. Nd4 Bxd4 22. Rxa2 Bxa2 23. exd4 Bd5 24. Bb4 Re8 25. f4 f5 26. Rc1 Bc6 27. Ra1 Kf7 28. Kf2 Ke6 29. Ra5 Bd5 30. g3 Rc8 31. Bc5 Be4 32. Ke3 Kd7 33. Ra3 e6 34. h4 h6 35. Kd2 g5 36. hxg5 hxg5 37. fxg5 Rg8 38. Ke3 Rxg5 39. Kf4 Rg4+ 40. Ke5 Bd5 41. Re3 Kc6 42. Bf8 Kb5 43. Ba3 Kc4 44. Bb2 b5 45. Rc3+ Kb4 46. Re3 Ka5 47. Kd6 b4 48. Kc5 Rg8 49. Kd6 Kb5 50. Ke5 Kc4 51. Kd6 Rg4 52. Ba1 Re4 53. Rf3 Re1 0-1

[Event "Albert Boxer Classic"]
[Site "Winnipeg CAN"]
[Date "1997.08.31"]
[Round "4"]
[White "Tetrault, Charles"]
[Black "Charter, Bennet"]
[Result "0-1"]
[WhiteElo "1030"]
[BlackElo "1382"]
[PlyCount "44"]
[GameId "2160767911932122"]
[EventDate "1997.08.30"]
[EventType "swiss"]
[EventRounds "6"]
[EventCountry "CAN"]

1. e4 e5 2. Nf3 Nc6 3. Bc4 Nf6 4. d4 d6 5. dxe5 Nxe5 6. Nxe5 dxe5 7. Qxd8+ Kxd8 8. Bg5 Be7 9. Nc3 b6 10. Bxf7 Rf8 11. O-O-O+ Nd7 12. Bxe7+ Kxe7 13. Bd5 Rb8 14. f3 Nf6 15. Nb5 Nxd5 16. Rxd5 c6 17. Rxe5+ Kf6 18. Rf5+ Bxf5 19. Nxa7 Ra8 20. Nxc6 Rxa2 21. Kb1 Rfa8 22. Kc1 Ra1+ 0-1

[Event "Albert Boxer Classic"]
[Site "Winnipeg CAN"]
[Date "1997.08.31"]
[Round "4"]
[White "Walker, Sean"]
[Black "Hanrahan, Nigel"]
[Result "0-1"]
[WhiteElo "1428"]
[BlackElo "1662"]
[PlyCount "96"]
[GameId "2160767911932123"]
[EventDate "1997.08.30"]
[EventType "swiss"]
[EventRounds "6"]
[EventCountry "CAN"]

1. e4 c5 2. Nf3 d6 3. d4 cxd4 4. Nxd4 Nf6 5. Nc3 g6 6. Be3 Bg7 7. Qd2 Nc6 8. Bb5 Bd7 9. Bxc6 bxc6 10. O-O Ng4 11. Bg5 h6 12. Be3 Nxe3 13. Qxe3 Qb6 14. Nb3 Qxe3 15. fxe3 Bxc3 16. bxc3 a5 17. Nd4 O-O 18. Rab1 Rfb8 19. Rb3 c5 20. Ne2 Be6 21. Ra3 Rb2 22. Rc1 Rxa2 23. Rxa2 Bxa2 24. Ra1 Bc4 25. Nf4 a4 26. Ra3 Kg7 27. Nd5 Bxd5 28. exd5 c4 29. Kf2 Kf6 30. e4 Ke5 31. Ke3 f5 32. exf5 gxf5 33. g3 Kxd5 34. Kf4 Ke6 35. g4 fxg4 36. Kxg4 Ra5 37. Kf4 Kf6 38. Ke4 d5+ 39. Kf4 h5 40. Ra1 a3 41. h4 a2 42. Kg3 e5 43. Kf3 Kf5 44. Kg3 Ra3 45. Kg2 Kg4 46. Kh2 Kxh4 47. Kg2 Kg4 48. Kh2 Kf3 0-1

[Event "Albert Boxer Classic"]
[Site "Winnipeg CAN"]
[Date "1997.08.31"]
[Round "4"]
[White "Zinderine, Geoff"]
[Black "Trueman, Francis"]
[Result "1-0"]
[WhiteElo "1654"]
[BlackElo "1434"]
[PlyCount "51"]
[GameId "2160767911932124"]
[EventDate "1997.08.30"]
[EventType "swiss"]
[EventRounds "6"]
[EventCountry "CAN"]

1. e4 c6 2. d4 d5 3. Nc3 dxe4 4. Nxe4 Nd7 5. Bc4 Ndf6 6. Ng5 Be6 7. Bxe6 fxe6 8. Nxe6 Qd6 9. Nxf8 O-O-O 10. Nxh7 Rxh7 11. Nf3 e5 12. Nxe5 Rh5 13. Be3 Qb4+ 14. c3 Qe7 15. Ng4 Ne4 16. Ne5 Ngf6 17. Nf3 Ng4 18. Rf1 Rf8 19. Qc2 Nxh2 20. Nxh2 Rxh2 21. O-O-O Rxg2 22. Rde1 Ng3 23. fxg3 Rxf1 24. Qh7 Kd7 25. Bf4 Rxf4 26. gxf4 1-0

[Event "Albert Boxer Classic"]
[Site "Winnipeg CAN"]
[Date "1997.09.01"]
[Round "5"]
[White "Gannon, Keith"]
[Black "Hassain, Mahmud"]
[Result "0-1"]
[WhiteElo "1678"]
[BlackElo "1894"]
[PlyCount "102"]
[GameId "2160767911932125"]
[EventDate "1997.08.30"]
[EventType "swiss"]
[EventRounds "6"]
[EventCountry "CAN"]

1. d4 Nf6 2. c4 g6 3. Nf3 Bg7 4. Nc3 O-O 5. e4 d6 6. Be2 Nbd7 7. O-O c5 8. d5 a6 9. a3 Rb8 10. Rb1 b5 11. cxb5 axb5 12. Bg5 b4 13. axb4 cxb4 14. Bxf6 Nxf6 15. e5 bxc3 16. exf6 Bxf6 17. bxc3 Rxb1 18. Qxb1 Bxc3 19. Rc1 Qa5 20. Qd3 Bf6 21. Qb5 Qxb5 22. Bxb5 Bf5 23. Bc6 Rb8 24. h3 h5 25. Re1 Rb2 26. Ra1 Kg7 27. Rd1 Bc2 28. Ra1 Be4 29. Ra3 Rb1+ 30. Kh2 Rd1 31. g4 hxg4 32. hxg4 e6 33. Kg3 Bxd5 34. Bxd5 Rxd5 35. Nh2 Rc5 36. f4 g5 37. fxg5 Be5+ 38. Kh3 Bxh2 39. Kxh2 Rxg5 40. Kh3 f5 41. gxf5 Rxf5 42. Ra7+ Kf6 43. Ra6 Ke5 44. Kg4 Rf1 45. Kg5 Rg1+ 46. Kh4 d5 47. Ra2 d4 48. Re2+ Kf4 49. Rf2+ Ke3 50. Rf6 e5 51. Re6 e4 0-1

[Event "Albert Boxer Classic"]
[Site "Winnipeg CAN"]
[Date "1997.09.01"]
[Round "5"]
[White "Kaptsan, Aron"]
[Black "Baragar, Fletcher"]
[Result "0-1"]
[WhiteElo "2245"]
[BlackElo "2357"]
[PlyCount "74"]
[GameId "2160767911932126"]
[EventDate "1997.08.30"]
[EventType "swiss"]
[EventRounds "6"]
[EventCountry "CAN"]
[SourceTitle "EXT 2001"]
[Source "ChessBase"]
[SourceDate "2000.11.22"]
[SourceVersion "1"]
[SourceVersionDate "2000.11.22"]
[SourceQuality "1"]

1. d4 Nf6 2. c4 e6 3. Nf3 b6 4. g3 Ba6 5. b3 Bb4+ 6. Bd2 Be7 7. Nc3 O-O 8. Bg2 c6 9. O-O d5 10. cxd5 cxd5 11. Ne5 Nfd7 12. Nxd7 Nxd7 13. Re1 Nf6 14. e3 Rc8 15. Bf1 Bxf1 16. Rxf1 Ba3 17. Nb5 Qe7 18. Nxa3 Qxa3 19. Bc1 Qa6 20. f3 Rc6 21. a4 Rfc8 22. Bb2 R8c7 23. Rc1 Rxc1 24. Bxc1 b5 25. Qd3 Qc8 26. Bb2 bxa4 27. bxa4 Ne8 28. Qa3 h6 29. Rc1 Rxc1+ 30. Bxc1 Qc2 31. a5 Nd6 32. Qxd6 Qxc1+ 33. Kg2 Qd2+ 34. Kh3 Qxe3 35. Qb8+ Kh7 36. Qxa7 Qxf3 37. a6 Qf1+ 0-1

[Event "Albert Boxer Classic"]
[Site "Winnipeg CAN"]
[Date "1997.09.01"]
[Round "5"]
[White "Roque, Rodolfo"]
[Black "Schulz, Waldemar"]
[Result "1/2-1/2"]
[WhiteElo "2043"]
[BlackElo "2024"]
[PlyCount "41"]
[GameId "2160767911932127"]
[EventDate "1997.08.30"]
[EventType "swiss"]
[EventRounds "6"]
[EventCountry "CAN"]

1. f4 d5 2. Nf3 c5 3. e3 g6 4. Be2 Bg7 5. d4 Nf6 6. O-O O-O 7. Nbd2 Nc6 8. Ne5 e6 9. Qe1 Ne4 10. Nxe4 dxe4 11. Nxc6 cxd4 12. Qd2 Qe7 13. c4 Qa3 14. Kf2 Rd8 15. Rd1 Qxb2 16. Qxb2 dxe3+ 17. Kxe3 h6 18. Rd6 b5 19. Kd2 g5 20. fxg5 hxg5 21. Kc2 1/2-1/2

[Event "Albert Boxer Classic"]
[Site "Winnipeg CAN"]
[Date "1997.09.01"]
[Round "6"]
[White "Baragar, Fletcher"]
[Black "Roque, Rodolfo"]
[Result "1-0"]
[WhiteElo "2357"]
[BlackElo "2043"]
[PlyCount "78"]
[GameId "2160767911932128"]
[EventDate "1997.08.30"]
[EventType "swiss"]
[EventRounds "6"]
[EventCountry "CAN"]

1. d4 d5 2. c4 Nc6 3. cxd5 Qxd5 4. e3 e5 5. Nc3 Bb4 6. Bd2 Bxc3 7. bxc3 exd4 8. cxd4 Nf6 9. Ne2 Bf5 10. f3 O-O 11. Rc1 Rfe8 12. Qb3 Qxb3 13. axb3 Be6 14. b4 Rec8 15. e4 Bb3 16. d5 Ne7 17. Nd4 Ba4 18. Bc4 h6 19. O-O Bd7 20. Bb3 a6 21. Bf4 Ne8 22. e5 g5 23. Bg3 Nf5 24. Nxf5 Bxf5 25. Rc5 b6 26. Rc6 Kg7 27. Rfc1 Bd7 28. R6c3 Ra7 29. e6 fxe6 30. dxe6 Bb5 31. f4 g4 32. f5 Kf6 33. Bc2 Kg5 34. Be5 c5 35. h4+ Kxh4 36. f6 Kg5 37. f7 Nf6 38. bxc5 Nd5 39. Ra3 bxc5 1-0

[Event "Albert Boxer Classic"]
[Site "Winnipeg CAN"]
[Date "1997.09.01"]
[Round "6"]
[White "Gustafson, Dale"]
[Black "Schulz, Waldemar"]
[Result "1/2-1/2"]
[WhiteElo "2011"]
[BlackElo "2024"]
[PlyCount "38"]
[GameId "2160767911932129"]
[EventDate "1997.08.30"]
[EventType "swiss"]
[EventRounds "6"]
[EventCountry "CAN"]

1. e4 c5 2. Nc3 Nc6 3. f4 d6 4. Nf3 e6 5. Be2 Nf6 6. O-O Be7 7. d3 a6 8. a4 O-O 9. h3 Nd4 10. Nb1 Nxe2+ 11. Qxe2 Bd7 12. Nc3 Bc6 13. g4 Re8 14. f5 Nd7 15. Qf2 Bf8 16. Ng5 Qf6 17. Nf3 Qd8 18. Ng5 Qf6 19. Nf3 Qd8 1/2-1/2

[Event "Albert Boxer Classic"]
[Site "Winnipeg CAN"]
[Date "1997.09.01"]
[Round "6"]
[White "Hassain, Mahmud"]
[Black "Walker, Erin"]
[Result "1/2-1/2"]
[WhiteElo "1894"]
[BlackElo "1664"]
[PlyCount "53"]
[GameId "2160767911932130"]
[EventDate "1997.08.30"]
[EventType "swiss"]
[EventRounds "6"]
[EventCountry "CAN"]

1. e4 e5 2. Nf3 Nc6 3. Bb5 a6 4. Ba4 Nf6 5. O-O b5 6. Bb3 Be7 7. Re1 d6 8. c3 O-O 9. h3 Re8 10. d3 h6 11. Nbd2 Be6 12. Bc2 Bf8 13. a4 d5 14. axb5 axb5 15. Rxa8 Qxa8 16. d4 exd4 17. cxd4 dxe4 18. Nxe4 Nd5 19. Nc3 Bb4 20. Rxe6 fxe6 21. Nxd5 exd5 22. Bxh6 gxh6 23. Qd3 Re7 24. Qg6+ Rg7 25. Qe6+ Kf8 26. Qf6+ Kg8 27. Qe6+ 1/2-1/2

[Event "Albert Boxer Classic"]
[Site "Winnipeg CAN"]
[Date "1997.09.01"]
[Round "6"]
[White "Lipnowski, Samuel"]
[Black "Kaptsan, Aron"]
[Result "0-1"]
[WhiteElo "1675"]
[BlackElo "2245"]
[PlyCount "68"]
[GameId "2160767911932131"]
[EventDate "1997.08.30"]
[EventType "swiss"]
[EventRounds "6"]
[EventCountry "CAN"]

1. e4 g6 2. d4 Bg7 3. Nc3 d6 4. Be3 Nf6 5. Qd2 c6 6. Nf3 Bg4 7. O-O-O Nbd7 8. Bd3 Qc7 9. Kb1 a6 10. h3 Bxf3 11. gxf3 e5 12. Ne2 O-O-O 13. Rhg1 Nh5 14. c3 b5 15. Ng3 Nhf6 16. Rc1 c5 17. Rgd1 Kb7 18. Be2 h5 19. h4 Nb6 20. d5 Ng8 21. Ka1 Bh6 22. Bxh6 Nxh6 23. Rh1 c4 24. Nf1 Nd7 25. Ne3 Nc5 26. Qc2 Rc8 27. Kb1 Rhf8 28. Rcg1 Ng8 29. Rg2 Ne7 30. Rg5 Rh8 31. Rg3 f5 32. Rg5 fxe4 33. fxe4 Qd8 34. Rf1 Rf8 0-1

[Event "Alberta op"]
[Site "Calgary CAN"]
[Date "1997.??.??"]
[Round "1"]
[White "Haessel, Dale"]
[Black "Hansen, Steve"]
[Result "1-0"]
[WhiteElo "2315"]
[BlackElo "2505"]
[PlyCount "52"]
[GameId "2160767911935937"]
[EventDate "1997.10.11"]
[EventType "swiss"]
[EventRounds "6"]
[EventCountry "CAN"]
[SourceTitle "EXT 2001"]
[Source "ChessBase"]
[SourceDate "2000.11.22"]
[SourceVersion "1"]
[SourceVersionDate "2000.11.22"]
[SourceQuality "1"]

1. e4 e5 2. Nf3 Nc6 3. Bc4 Bc5 4. O-O Nf6 5. Re1 O-O 6. c3 Re8 7. d4 exd4 8. e5 Ng4 9. cxd4 d5 10. Bb5 Be7 11. Nc3 Be6 12. Bd3 Bf8 13. Ng5 h6 14. Nf3 h5 15. h3 Nh6 16. Bxh6 gxh6 17. Bb1 Na5 18. Qd3 Bb4 19. Qh7+ Kf8 20. Qxh6+ Ke7 21. Ng5 Rf8 22. Bf5 Bxf5 23. Qf6+ Ke8 24. Qxf5 Be7 25. e6 fxe6 26. Qg6+ Kd7 1-0

[Event "Alberta op"]
[Site "Calgary CAN"]
[Date "1997.10.11"]
[Round "1"]
[White "Day, Jonathan"]
[Black "Quiring, John"]
[Result "0-1"]
[WhiteElo "1614"]
[BlackElo "1968"]
[PlyCount "106"]
[GameId "2160767911935938"]
[EventDate "1997.10.11"]
[EventType "swiss"]
[EventRounds "6"]
[EventCountry "CAN"]

1. d4 Nf6 2. c4 g6 3. g3 c5 4. e3 Bg7 5. Bg2 cxd4 6. exd4 d5 7. Qb3 Qc7 8. Nd2 e6 9. Ne2 O-O 10. O-O Rd8 11. f4 Nc6 12. c5 b6 13. cxb6 axb6 14. Re1 Ba6 15. Nf3 Bc4 16. Qc2 Bxa2 17. Bd2 Bc4 18. Rxa8 Rxa8 19. Ne5 Rc8 20. Nxc4 dxc4 21. Qxc4 Ne7 22. Qxc7 Rxc7 23. Bc3 Nfd5 24. Kf2 b5 25. Rc1 b4 26. Bd2 Rxc1 27. Bxc1 h5 28. Be3 Kf8 29. h3 Ke8 30. Bf3 Kd7 31. g4 hxg4 32. hxg4 Kd6 33. Nc1 Nc6 34. Nb3 Nb6 35. Bxc6 Kxc6 36. Nd2 Kd5 37. Nf3 Nc4 38. b3 Na5 39. Nd2 Bxd4 40. Ke2 Bxe3 41. Kxe3 Nb7 42. Kd3 Nc5+ 43. Ke3 f6 44. g5 fxg5 45. fxg5 e5 46. Nf3 Nxb3 47. Nh4 Nd4 48. Kd2 e4 49. Nxg6 Nf3+ 50. Kc2 Nxg5 51. Kb3 Kc5 52. Ne5 Nf3 53. Nc4 Nd4+ 0-1

[Event "Alberta op"]
[Site "Calgary CAN"]
[Date "1997.10.11"]
[Round "1"]
[White "Gomes, Alan"]
[Black "Miller, Chris"]
[Result "1-0"]
[WhiteElo "1877"]
[BlackElo "1512"]
[PlyCount "53"]
[GameId "2160767911935939"]
[EventDate "1997.10.11"]
[EventType "swiss"]
[EventRounds "6"]
[EventCountry "CAN"]

1. e4 e5 2. Nf3 f5 3. Nxe5 Qf6 4. d4 d6 5. Nc4 fxe4 6. Nc3 Qg6 7. Qe2 Nf6 8. d5 Be7 9. h3 O-O 10. Be3 c6 11. O-O-O cxd5 12. Nxd5 Nxd5 13. Rxd5 Nc6 14. Rd1 b5 15. Nd2 b4 16. Qc4+ Be6 17. Qxc6 Bxa2 18. Bc4+ Bxc4 19. Qxc4+ Kh8 20. Qxb4 Qe6 21. Qxe4 Qa2 22. Qxe7 Rab8 23. Bd4 Rf7 24. Qxd6 Rfb7 25. Rhe1 h6 26. Re7 Rxb2 27. Qxh6+ 1-0

[Event "Alberta op"]
[Site "Calgary CAN"]
[Date "1997.10.11"]
[Round "1"]
[White "Huber, Gregory"]
[Black "Kaastrup, Jens"]
[Result "1-0"]
[WhiteElo "2366"]
[BlackElo "1741"]
[PlyCount "79"]
[GameId "2160767911935940"]
[EventDate "1997.10.11"]
[EventType "swiss"]
[EventRounds "6"]
[EventCountry "CAN"]

1. e4 e5 2. Bc4 Nc6 3. Nc3 Nf6 4. d3 Na5 5. Nf3 Nxc4 6. dxc4 d6 7. O-O Be7 8. h3 c6 9. Qd3 h6 10. Be3 Be6 11. Rad1 O-O 12. b3 Nd7 13. g4 b6 14. Ne2 Nc5 15. Bxc5 bxc5 16. Ng3 g6 17. Qe3 Kh7 18. Nxe5 Qc7 19. Nf3 a5 20. a4 Bf6 21. e5 dxe5 22. Qxc5 Rfd8 23. Rde1 Be7 24. Qe3 f6 25. Kg2 c5 26. Ne2 Bd7 27. Nc3 Bc6 28. Nd5 Bxd5 29. cxd5 Rxd5 30. Qe4 Rdd8 31. Nh4 Rg8 32. Nxg6 Rxg6 33. Qxa8 f5 34. f3 Bh4 35. Rd1 e4 36. f4 fxg4 37. Qxe4 gxh3+ 38. Kxh3 Qc8+ 39. f5 Rf6 40. Qe7+ 1-0

[Event "Alberta op"]
[Site "Calgary CAN"]
[Date "1997.10.11"]
[Round "1"]
[White "McFarlane, Don"]
[Black "Alderton, Peter"]
[Result "0-1"]
[WhiteElo "1485"]
[BlackElo "1647"]
[PlyCount "116"]
[GameId "2160767911935941"]
[EventDate "1997.10.11"]
[EventType "swiss"]
[EventRounds "6"]
[EventCountry "CAN"]

1. e4 d6 2. d4 g6 3. Nf3 Bg7 4. Bc4 Nf6 5. Nc3 O-O 6. O-O Bg4 7. h3 Bxf3 8. Qxf3 Nbd7 9. Be3 e5 10. Rad1 c6 11. Bg5 h6 12. Bxf6 Bxf6 13. d5 Nb6 14. Bb3 c5 15. Ne2 c4 16. a4 cxb3 17. Qxb3 Nd7 18. Qg3 Nc5 19. Qg4 Nxa4 20. Ng3 Kh7 21. b3 Nc5 22. f4 h5 23. Qf3 Qb6 24. Kh1 Rae8 25. f5 Nd7 26. fxg6+ fxg6 27. Nxh5 Bg7 28. Qg4 gxh5 29. Qxd7 Qe3 30. Rf7 Rxf7 31. Qxf7 Qe2 32. Qxe8 Qxd1+ 33. Kh2 Qe2 34. Qf7 Qxe4 35. Qxh5+ Kg8 36. Qe8+ Bf8 37. Qe6+ Kh8 38. Qf6+ Bg7 39. Qd8+ Kh7 40. g4 Qxc2+ 41. Kg3 Qxb3+ 42. Kh2 Qc2+ 43. Kg3 Qd3+ 44. Kh2 Qe2+ 45. Kg3 Qe3+ 46. Kh2 Qf2+ 47. Kh1 Qg3 48. Qg5 Qxh3+ 49. Kg1 Qh6 50. Qf5+ Qg6 51. Qd7 e4 52. g5 Qxg5+ 53. Kf2 Qf6+ 54. Ke3 Qf3+ 55. Kd2 e3+ 56. Kc2 Qe4+ 57. Kb3 Qxd5+ 58. Ka4 Qc6+ 0-1

[Event "Alberta op"]
[Site "Calgary CAN"]
[Date "1997.10.11"]
[Round "1"]
[White "McLean, Nathan"]
[Black "Nguyen, Kim"]
[Result "0-1"]
[WhiteElo "1939"]
[BlackElo "1607"]
[PlyCount "64"]
[GameId "2160767911935942"]
[EventDate "1997.10.11"]
[EventType "swiss"]
[EventRounds "6"]
[EventCountry "CAN"]

1. e4 c5 2. Nf3 d6 3. d4 cxd4 4. Nxd4 Nf6 5. Nc3 a6 6. Be2 e5 7. Nb3 Be7 8. O-O Be6 9. Bg5 Nbd7 10. f4 b5 11. f5 Bc4 12. Nd5 Nxd5 13. Bxc4 bxc4 14. Qxd5 Bxg5 15. Na5 Rb8 16. Nxc4 Be7 17. Qc6 Qc8 18. Qxc8+ Rxc8 19. b3 Nc5 20. Rfe1 O-O 21. Rad1 Rfd8 22. Kf2 Kf8 23. Rd5 g6 24. Kf3 gxf5 25. exf5 Na4 26. Re3 Bg5 27. Red3 e4+ 28. Kxe4 Nc5+ 29. Rxc5 dxc5 30. Nd6 Rc6 31. Ke5 Bf6+ 32. Kxf6 Rcxd6+ 0-1

[Event "Alberta op"]
[Site "Calgary CAN"]
[Date "1997.10.11"]
[Round "1"]
[White "Odachowski, Arthur"]
[Black "Knoll, Frank"]
[Result "1-0"]
[WhiteElo "2181"]
[BlackElo "1690"]
[PlyCount "27"]
[GameId "2160767911935943"]
[EventDate "1997.10.11"]
[EventType "swiss"]
[EventRounds "6"]
[EventCountry "CAN"]

1. d4 d5 2. c4 dxc4 3. Nf3 Nf6 4. e3 Bg4 5. Bxc4 e6 6. Qb3 b6 7. Ne5 Bd6 8. Nxg4 Nxg4 9. Bxe6 Nxf2 10. Bxf7+ Kf8 11. Kxf2 Qh4+ 12. Kf1 Bxh2 13. Nd2 Qf6+ 14. Ke2 1-0

[Event "Alberta op"]
[Site "Calgary CAN"]
[Date "1997.10.11"]
[Round "1"]
[White "Olson, Hans"]
[Black "Fullbrook, Nigel"]
[Result "0-1"]
[WhiteElo "1753"]
[BlackElo "2301"]
[PlyCount "47"]
[GameId "2160767911935944"]
[EventDate "1997.10.11"]
[EventType "swiss"]
[EventRounds "6"]
[EventCountry "CAN"]

1. e4 Nf6 2. e5 Nd5 3. c4 Nb6 4. d4 d6 5. f4 dxe5 6. fxe5 c5 7. d5 e6 8. Nf3 exd5 9. cxd5 Qxd5 10. Qxd5 Nxd5 11. Bc4 Be6 12. a3 Nc6 13. O-O Be7 14. Bd2 O-O 15. Bd3 Rad8 16. Ng5 h6 17. Nxe6 fxe6 18. Re1 Nd4 19. b4 cxb4 20. axb4 Nxb4 21. Bxb4 Bxb4 22. Rd1 Ne2+ 23. Bxe2 Rxd1+ 24. Bxd1 0-1

[Event "Alberta op"]
[Site "Calgary CAN"]
[Date "1997.10.11"]
[Round "1"]
[White "Sauve, Steve"]
[Black "Ristovic, Nenad"]
[Result "0-1"]
[WhiteElo "1777"]
[BlackElo "2356"]
[PlyCount "106"]
[GameId "2160767911935945"]
[EventDate "1997.10.11"]
[EventType "swiss"]
[EventRounds "6"]
[EventCountry "CAN"]

1. c4 e6 2. Nf3 d5 3. cxd5 exd5 4. d4 c6 5. Nc3 Nf6 6. g3 Bd6 7. Bg5 Nbd7 8. Bg2 h6 9. Bd2 O-O 10. O-O Nb6 11. b3 Bf5 12. Nh4 Bh7 13. Bh3 Re8 14. Nf5 Ba3 15. Bc1 Bb4 16. Bd2 Nc8 17. Qc1 Bxc3 18. Bxc3 Rxe2 19. Ne3 Qe7 20. a3 Nd6 21. Bg2 Nf5 22. Bb4 Qe8 23. Nxf5 Bxf5 24. Bd2 Re6 25. Re1 Qd7 26. Rxe6 Qxe6 27. Qe1 Qd7 28. Qf1 Re8 29. Re1 Rxe1 30. Qxe1 Bh3 31. Bxh3 Qxh3 32. Qf1 Qg4 33. Be3 Qf3 34. b4 Ng4 35. Qe1 Nxe3 36. Qxe3 Qxe3 37. fxe3 Kf8 38. Kf2 Ke7 39. Kf3 Ke6 40. h4 g6 41. Kf4 Kf6 42. g4 Ke6 43. g5 h5 44. e4 dxe4 45. Kxe4 f5+ 46. gxf6 Kxf6 47. Kf4 b5 48. Ke4 g5 49. hxg5+ Kxg5 50. Ke5 h4 51. Kd6 h3 52. Kxc6 h2 53. Kxb5 h1=Q 0-1

[Event "Alberta op"]
[Site "Calgary CAN"]
[Date "1997.10.11"]
[Round "1"]
[White "Sokol, Andreas"]
[Black "Walker, Warrick"]
[Result "0-1"]
[WhiteElo "1709"]
[BlackElo "2190"]
[PlyCount "42"]
[GameId "2160767911935946"]
[EventDate "1997.10.11"]
[EventType "swiss"]
[EventRounds "6"]
[EventCountry "CAN"]

1. e4 c5 2. f4 d5 3. e5 Nc6 4. c3 Bf5 5. d3 e6 6. Nf3 Be7 7. Be2 h5 8. h4 Nh6 9. g3 Qc7 10. Nbd2 O-O-O 11. a4 Ng4 12. Nf1 f6 13. exf6 gxf6 14. Ne3 Bd6 15. Nxf5 exf5 16. Kf1 Rde8 17. Kg2 Rhg8 18. Kf1 Qe7 19. Qd2 d4 20. Bd1 Ne3+ 21. Kf2 Bxf4 0-1